| 000 -LEADER |
| fixed length control field |
00961nam a22001937a 4500 |
| 005 - DATE AND TIME OF LATEST TRANSACTION |
| control field |
20251202120350.0 |
| 008 - FIXED-LENGTH DATA ELEMENTS--GENERAL INFORMATION |
| fixed length control field |
251202b ||||| |||| 00| 0 eng d |
| 020 ## - INTERNATIONAL STANDARD BOOK NUMBER |
| International Standard Book Number |
9780241460900 |
| 040 ## - CATALOGING SOURCE |
| Transcribing agency |
KH8 |
| 082 ## - DEWEY DECIMAL CLASSIFICATION NUMBER |
| Classification number |
823.92 KIR |
| 100 ## - MAIN ENTRY--PERSONAL NAME |
| Personal name |
KIRBY,KATIE |
| Relator term |
AUTHOR |
| -- |
ILLUSTRATOR |
| 245 ## - TITLE STATEMENT |
| Title |
THE CATASTROPHIC FRIENDSHIP FAILS OF LOTTIE BROOKS |
| 260 ## - PUBLICATION, DISTRIBUTION, ETC. |
| Place of publication, distribution, etc. |
One Embassy Gardens,8 Viaduct Gardens,London SW11 7BW |
| Name of publisher, distributor, etc. |
Penguin Random House Children's |
| Date of publication, distribution, etc. |
2022 |
| 300 ## - PHYSICAL DESCRIPTION |
| Extent |
448 pages |
| Other physical details |
b illustration |
| Dimensions |
13 cm x 19 cm |
| 520 ## - SUMMARY, ETC. |
| Summary, etc. |
Lottie Brooks is back for spring term at secondary school and with her best friends Jess and Molly at her side, she can face anything. No more trying to impress mean girls Amber and Poppy. And absolutely no more being nicknamed Cucumber Girl. Plus, the spring musical means Lottie can dazzle her mega-crush Daniel with her talent as a singing crustacean. |
| 650 ## - SUBJECT ADDED ENTRY--TOPICAL TERM |
| Source of heading or term |
Friendship |
| Topical term or geographic name entry element |
Juvenile Literature |
| 655 ## - INDEX TERM--GENRE/FORM |
| Genre/form data or focus term |
Humour |
| 942 ## - ADDED ENTRY ELEMENTS (KOHA) |
| Source of classification or shelving scheme |
|
| Koha item type |
Books - Fiction |